01157nam a22002055i 4500001000700000003000900007005001700016008004100033040002000074100006100094245014300155260010500298300002100403500010300424500001900527700003200546852023000578999001900808952012400827154992ES-MaACL20251115063310.0020322s1856 sp |||| | spa d aCAM bspa cCAM1 aGutiérrez de Alba, José María, d1822-1897912766113aLa flor de la serranía b: zarzuela en un acto y en verso / coriginal de Jose María Gutierrez de Alba ; música de Cristobal Oudrid. aMadrid : b[s.n.], c1856 (fImprenta de la Compañía general de Impresores y Libreros del Reino) a24 p. ; c20 cm. 1aRepresentada por primera vez en Madrid en el teatro de verano en la noche del 2 de agosto de 1856. aSolo el texto.0 aOudrid, Cristóbal.987969 aES-MaACLjF-8550(11) z-- Enc. pasta española z-- Firma ms de Gustavo Sáenz Díez, 1877 q-- Falto de la cub. original z-- Enc. en un vol. facticio, formando parte de la col. facticia "Teatro español moderno", vol. 2 c154992d154992 001040708LIBXIXaATENEOMbATENEOMcSPP2d2008-01-17l0oF-8550(11)p1162128r2023-02-23 00:00:00w2023-02-23yMONANT